| 000 | 00402nam a2200145Ia 4500 | ||
|---|---|---|---|
| 008 | 231129s1975||||xx |||||||||||||| ||spa|| | ||
| 020 | _a84-226-0714-X | ||
| 040 | _bspa | ||
| 082 | _a823 F735p | ||
| 100 | _aForsyth Frederick | ||
| 245 | 0 | _aLos perros de la guerra | |
| 260 | _c1975 | ||
| 264 | _aBarcelona España : Círculo de Lectores | ||
| 942 |
_2ddc _cBKS |
||
| 999 |
_c19948 _d19948 |
||